000 00455cam a2200193ua 4500
001 10228
005 20260515114607.0
008 171017n ii |||gr||||Z||||||asm
040 _cMAIN
041 _aasm
082 _a891.4511
100 _aBora, Mahendra,
_eAuthor.
245 _aAsamiya kabitar chanda
_cBy Mahendra Bora
250 _a4th ed.
260 _aDibrugarh:
_bBanalata,
_c2009.
300 _a124p.
653 _aAssamese poem
942 _cBK
999 _c9216
_d9216